Statistics for Euro Championship Winners

Click here to take the quiz!

General Stats

  • This quiz has been taken 425 times
    (407 since last reset)
  • The average score is 13 of 14

Answer Stats

YearHostWinner% Correct
2008Austria & SwitzerlandSpain
100%
1964SpainSpain
100%
2012Ukraine & PolandSpain
100%
1984FranceFrance
99%
2000Belgium & NetherlandsFrance
99%
1972BelgiumWest Germany
99%
1980ItalyWest Germany
99%
1996EnglandGermany
98%
1968ItalyItaly
97%
2004PortugalGreece
94%
1988West GermanyNetherlands
90%
1960FranceSoviet Union
85%
1992SwedenDenmark
84%
1976YugoslaviaCzech Republic
66%

Score Distribution

Percentile by Number Answered

Percent of People with Each Score

Your Score History

You have not taken this quiz since the last reset